The property expert witness redefined. (Record no. 60704)

MARC details
000 -LEADER
fixed length control field 00650cam a2200181 4500
001 - CONTROL NUMBER
control field ABS61018
008 - FIXED-LENGTH DATA ELEMENTS--GENERAL INFORMATION
fixed length control field 000000n1999 000 0 eng u
035 ## - SYSTEM CONTROL NUMBER
System control number (Sirsi) u101572
100 ## - MAIN ENTRY--PERSONAL NAME
Personal name Freedman, M.
245 #4 - TITLE STATEMENT
Title The property expert witness redefined.
260 ## - PUBLICATION, DISTRIBUTION, ETC.
Date of publication, distribution, etc. 1999
490 ## - SERIES STATEMENT
Series statement New Law Journal
Volume/sequential designation 149(6899) 30 July 1999, 1156-1158(2)
520 ## - SUMMARY, ETC.
Summary, etc. Warns that the new Civil Procedure Rules will have a major impact on surveyors acting as expert witnesses. Highlights the main changes.
650 ## - SUBJECT ADDED ENTRY--TOPICAL TERM
Topical term or geographic name entry element CIVIL PROCEDURE RULES
650 ## - SUBJECT ADDED ENTRY--TOPICAL TERM
Topical term or geographic name entry element EXPERT WITNESS
9 (RLIN) 6239
690 ## - LOCAL SUBJECT ADDED ENTRY--TOPICAL TERM (OCLC, RLIN)
Topical term or geographic name as entry element MANAGEMENT-BUSINESS MANAGEMENT-PROFESSIONAL PRACTICE
942 ## - ADDED ENTRY ELEMENTS (KOHA)
Suppress in OPAC 0
Holdings
Withdrawn status Lost status Source of classification or shelving scheme Damaged status Not for loan Home library Current library Shelving location Date acquired Total Checkouts Full call number Barcode Date last seen Copy number Price effective from Koha item type
    Dewey Decimal Classification     London London Journal article 05/11/1999   ABS61018 101572-1001 06/08/2019 1 06/08/2019 Journal article